000 00963nam a2200205Ia 4500
001 16392
003 GE_BSU
008 181216s||||||||xx |||||||||||||| ||und||
040 _cGE_BSU
245 _aსაქართველო
245 _bსაქართველოს ადმინისტრაციულ-ტერიტორიული დაყოფა:ადმინისტრაციული საზღვრები დატანილია 1995 წლის მდგომარეობით
250 _aრუკა შედგენილია ს.ს. ,,კარტოგრაფიაში" 1999წ.განახლებულია და დაბეჭდილია2006წ.
260 _bს.ს. ,,კარტოგრაფია
260 _c2006
520 _a1:600 000.
541 _h6ლ.
653 _aრუკა
653 _aსაქართველოს რუკა
942 _cMP
999 _c49468
_d49468